| 000 | 00759nam a2200217 a 4500 | ||
|---|---|---|---|
| 001 | 014408 | ||
| 003 | BD-ChCU | ||
| 008 | Ben | ||
| 020 | _a | ||
| 040 |
_aDLC _cDLC _dBD-ChCU |
||
| 082 | 0 | 0 | _a২০০/আব২মু |
| 100 | 1 |
_aআবদুল্লাহ, মুহাম্মদ _b- |
|
| 245 | 1 | 0 |
_aমুসলিম সম্পাদিত বাংলা সাময়িকপত্রে _bধর্ম ও সমাজ- চিন্তা (১৯০১-১৯৪৭) |
| 250 | _a*** | ||
| 260 |
_aঢাকা _bবাংলা একাডেমী _c১৯৯১ |
||
| 300 | _a** | ||
| 504 | _a- Biblio- | ||
| 650 | 0 |
_aধর্ম _bসমাজচিন্তা ১৯০১-১৯৪৭ |
|
| 700 | 1 | _a- | |
| 942 |
_2ddc _cBK |
||
| 999 |
_c14408 _d14408 |
||